Statistics for Top 20 Players ever to put on a Timberwolves jersey

Click here to take the quiz!

General Stats

  • This quiz has been taken 13 times
  • The average score is 5 of 20

Answer Stats

RankPlayer% Correct
7Karl Anthony-Towns
100%
1Kevin Garnett
100%
4Kevin Love
88%
18Sam Cassell
88%
2Jimmy Butler
38%
3Chauncey Billups
25%
6Rudy Gobert
25%
8Brandon Roy
13%
5Derrick Rose
13%
13Mike Conley
13%
16Stephon Marbury
13%
9Andrei Kirilenko
0%
15Antoine Walker
0%
14Christian Laettner
0%
20Jamal Crawford
0%
12LaTrell Spreewell
0%
10Rod Strickland
0%
17Terrell Brandon
0%
19Theo Ratliff
0%
11Zach Lavine
0%

Score Distribution

Percentile by Number Answered

Percent of People with Each Score

Your Score History

You have not taken this quiz